"They" /

Bibliographic Details
Main Author: Kipling, Rudyard, 1865-1936
Format: Book
Language:English
Published: New York : Doubleday, Page, 1906.

MARC

Tag First Indicator Second Indicator Subfields
LEADER 00000cam a2200000 4500
001 in00000049303
005 20151007071642.0
008 750502s1906 nyua 00011 eng
010 |a  06036631  
035 |a (OCoLC)01310933 
035 |9 AAE6375AM 
040 |c DZM  |d TXA  |d UtOrBLW 
049 |a TXAM  |c 1 [927224]  |a TXAS [kipl]  |c 2,3 
050 0 0 |a PR4854  |b .T35 1906 
082 0 |a 823.89 
100 1 |a Kipling, Rudyard,  |d 1865-1936. 
245 1 0 |a "They" /  |c by Rudyard Kipling; with illustrations by F. H. Townsend. 
264 1 |a New York :  |b Doubleday, Page,  |c 1906. 
300 |a 80 pages :  |b illustrations ;  |c 22 cm. 
336 |a text  |b txt  |2 rdacontent 
337 |a unmediated  |b n  |2 rdamedia 
338 |a volume  |b nc  |2 rdacarrier 
500 |a Printed on one side of leaf only. 
999 |a MARS 
999 f f |s e8de05aa-2900-3d56-9c89-f19bc8e12641  |i 11bab406-409e-3c96-87bd-ead4b517e6b9  |t 0 
952 f f |p noncirc  |a Texas A&M University  |b College Station  |c Cushing Memorial Library & Archives  |d Cushing: Science Fiction (Does not check out)  |t 0  |e PR4854 .T35 1906  |h Library of Congress classification  |i unmediated -- volume 
952 f f |p normal  |a Texas A&M University  |b College Station  |c Sterling C. Evans Library  |d Evans: Library Stacks  |t 0  |e PR4854 .T35 1906  |h Library of Congress classification  |i unmediated -- volume  |m A14803963945 
952 f f |p noncirc  |a Texas A&M University  |b College Station  |c Cushing Memorial Library & Archives  |d Cushing: Literature/Kipling (Does not check out)  |t 0  |e PR4854 .T35 1906  |h Library of Congress classification  |i unmediated -- volume 
998 f f |a PR4854 .T35 1906  |t 0  |l Evans: Library Stacks 
998 f f |a PR4854 .T35 1906  |t 0  |l Cushing: Literature/Kipling (Does not check out) 
998 f f |a PR4854 .T35 1906  |t 0  |l Cushing: Science Fiction (Does not check out)